| 000 | 00444nam a2200157Ia 4500 | ||
|---|---|---|---|
| 008 | 160316s2003 xxu||||| |||| 00| 0 eng d | ||
| 082 |
_a345.050000 _bRAT |
||
| 100 | _aRatanlal Ranchhoddas | ||
| 245 | _aThe code of criminal procedure | ||
| 250 | _a15th rep | ||
| 260 |
_aNew Delhi _bWadhwa & Co _c2003 |
||
| 300 |
_a1372p _b _c |
||
| 365 | _b Rs.350 | ||
| 650 | _a1. Criminal Law - Procedure - India | ||
| 700 |
_aDhirajlal Keshavlal Thakore _a |
||
| 999 |
_c22434 _d22434 |
||